000 00207 a2200097 4500
001 4720
100 _aKosch,A
245 _aYoung specialist looks at seaschore
260 _a
_bBweke
_c
090 _c3913
_d3913
942 _aNUST-CAE
_cM
_c30171
999 _c239793
_d239793